Masonry simplified (Record no. 548954)
[ view plain ]
| 000 -LEADER | |
|---|---|
| fixed length control field | 00625cam a2200193 4500 |
| 020 ## - INTERNATIONAL STANDARD BOOK NUMBER | |
| International Standard Book Number | 0826906273 |
| 082 00 - DEWEY DECIMAL CLASSIFICATION NUMBER | |
| Classification number | 693.1 |
| Author Mark | DAL |
| -- | D |
| 100 1# - MAIN ENTRY--PERSONAL NAME | |
| Personal name | Dalzell, J. Ralph |
| 9 (RLIN) | 45372 |
| 245 10 - TITLE STATEMENT | |
| Title | Masonry simplified |
| Statement of responsibility, etc. | [by] J. Ralph Dalzell [and] Gilbert Townsend. |
| 250 ## - EDITION STATEMENT | |
| Edition statement | 3d ed. |
| 260 ## - PUBLICATION, DISTRIBUTION, ETC. | |
| Place of publication, distribution, etc. | Chicago, |
| Name of publisher, distributor, etc. | American Technical Society |
| Date of publication, distribution, etc. | [1973- |
| 300 ## - PHYSICAL DESCRIPTION | |
| Extent | v. |
| Other physical details | illus. |
| Dimensions | 24 cm. |
| 505 1# - FORMATTED CONTENTS NOTE | |
| Formatted contents note | v. 1. Tools, materials, practice; bricklaying, concrete block and cement masonry. |
| 526 ## - STUDY PROGRAM INFORMATION NOTE | |
| Program name | 0 |
| Interest level | 0 |
| Reading level | 0 |
| Title point value | 693_100000000000000_DAL |
| 650 #0 - SUBJECT ADDED ENTRY--TOPICAL TERM | |
| Topical term or geographic name entry element | D |
| 9 (RLIN) | 6527 |
| 650 #0 - SUBJECT ADDED ENTRY--TOPICAL TERM | |
| Topical term or geographic name entry element | Masonry. |
| 9 (RLIN) | 36353 |
| 700 1# - ADDED ENTRY--PERSONAL NAME | |
| Personal name | Townsend, Gilbert, |
| 9 (RLIN) | 45430 |
| 942 ## - ADDED ENTRY ELEMENTS (KOHA) | |
| Source of classification or shelving scheme | |
| Koha item type | Book |
| Withdrawn status | Lost status | Source of classification or shelving scheme | Damaged status | Not for loan | Permanent Location | Current Location | Date acquired | Total Checkouts | Full call number | Barcode | Date last seen | Price effective from | Koha item type |
|---|---|---|---|---|---|---|---|---|---|---|---|---|---|
| Military College of Engineering (MCE) | Military College of Engineering (MCE) | 09/11/2014 | 693.1 DAL | MCE-41713 | 09/11/2014 | 09/11/2014 | Book |
